| 000 | 07342cam a2201165 i 4500 | ||
|---|---|---|---|
| 004 | data | ||
| 005 | 20260322212013.0 | ||
| 008 | data | ||
| 010 | _a 2017037645 | ||
| 020 |
_a0399590501 _qalk. paper) _qalk. paper) |
||
| 020 |
_a9780399590504 _qalk. paper) _qalk. paper) |
||
| 020 |
_a9780399590511 _q(ebook) |
||
| 020 | _a9781786330512 | ||
| 020 | _a1786330512 | ||
| 020 | _a9781443452472 | ||
| 020 | _a1443452475 | ||
| 020 | _a039959051X | ||
| 020 | _a9780399590511 | ||
| 024 | 8 | _a99975605286 | |
| 037 |
_bRandom House Inc, Attn Order Entry 400 Hahn rd, Westminster, MD, USA, 21157 _nSAN 201-3975 |
||
| 040 |
_aDLC _beng _erda _cDLC _dFAF _dGK8 _dBLP _dQX9 _dFM0 _dUAP _dIUK _dTXMAL _dYDX _dOCLCO _dTJZ _dIGA _dWSD _dRB0 _dTXGON _dDGU _dTXDRI _dNDS _dT2S _dGYG _dPRSPR _dJZU _dM3C _dOCLCQ _dOCLCO _dD9M _dMLY _dPAU _dO2C _dLMR _dEYP _dCKK _dBUR _dTXLIV _dXFF _dOCLCQ _dCTL _dOCLCA _dNZHWP _dUAT _dCPS _dTFW _dKFH _dOCLCO _dIC8 _dOCLCO _dGZN _dWCZ _dOCLCO _dHLNDP _dTFH _dPZG _dTOH _dOCLCF _dUBC _dFCK _dAU@ _dOCLCO _dJVH _dPZX _dUWO _dIOG _dWHCCD _dVSI _dOCLCQ _dPZF _dOCLCO _dCNO _dPZW _dVKC _dIAC _dTME _dTXHAR _dNGU _dOCLCO _dUIU _dORE _dOCLCO _dCUY _dWUN _dOCLCO _dTXSPI _dNJB _dOCLCO _dAZU _dLCPCL _dHZG _dJGQ _dMND _dWLU _dOCLCO _dKGI _dNZD _dTXVAN _dMOB _dZCU _dOCLCO _dDF _{dollar}dBTS _dTXLBH _dROB _dOCLCO _dCGP _dU3G _dIDU _dOCLCO _dTWD _dTXMAD _dOCLCO _dWUX _dICN _dIB5 _dOCLCO _dBVI _dJXJ _dDKC _dCM2 _dOCLCO _dFIC _dFUG _dFSS _dOCLCO _dLMJ _dTL4 _dIOW _dOCLCO _dLKC _dOCLCO _dAZZPT _dOCLCO _dDMOPL _dOCLCO _dZHC _dOCLCO _dSXQ _dOCLCO _dUTP _dOCLCO _dIDU _dW8A _dOCLCO _dMBB _dIDU _dOCLCO _dM{dollar}K _dKR1 _dOCLCO _dSVZ _dT3Q _dOCLCO _dPZH _dOCLCO _dIDU _dTX6 _dZQP _dOCLCO _dB@L _dVLW _dXXWGB _dOCLCO _dMTWCL _dOCLCO _dMQS _dOCLCO _dTXSVP _dOCLCQ _dCHVBK _dOCLCQ _dSTH _dVJ2 _dOCLCA _dOCLCQ _dOCLCO _dALECL _dOCLCO _dBUF _dOCLCO _dWAU _dOCLCO _dOCLCQ _dOCLCO _dMMM _dMIR _dOCLCQ _dOCLCO _dFAF |
||
| 042 | _apcc | ||
| 043 |
_an-us--- _an-us--- |
||
| 050 | 0 | 0 |
_aCT3262.I2 _bW47 2018 |
| 082 | 0 | 0 |
_aB _aB _223 |
| 082 | 0 | 4 |
_a305.90692 _223 |
| 084 |
_aBIO022000 _aBIO018000 _aBIO022000 _2bisacsh |
||
| 099 | _aWESTOT | ||
| 100 | 1 |
_aWestover, Tara, _eauthor. |
|
| 245 | 1 | 0 |
_aEducated : _ba memoir / _cTara Westover. |
| 264 | 1 |
_aNew York : _bRandom House, _c[2018] |
|
| 264 | 4 | _c♭2018 | |
| 300 |
_axiii, 334 pages ; _c24 cm |
||
| 336 |
_atext _btxt _2rdacontent |
||
| 337 |
_aunmediated _bn _2rdamedia |
||
| 338 |
_avolume _bnc _2rdacarrier |
||
| 505 | 0 | 0 |
_tEducated. _tThe midwife -- _tCream shoes -- _tApache women -- _tHonest dirt -- _tShield and buckler -- _tThe Lord will provide -- _tTiny harlots -- _tPerfect in his generations -- _tShield of feathers -- _tInstinct -- _tFish eyes -- _tSilence in the churches -- _tMy feet no longer touch Earth -- _tNo more a child -- _tDisloyal man, disobedient heaven -- _tTo keep it holy -- _tBlood and feathers -- _tIn the beginning -- _tRecitals of the fathers -- _tSkullcap -- _tWhat we whispered and what we screamed -- _tI'm from Idaho -- _tA knight, errant -- _tThe work of sulphur -- _tWaiting for the moving water -- _tIf I were a woman -- _tPygmalion -- _tGraduation -- _tHand of the almighty -- _tTragedy then farce -- _tA brawling woman in a wide house -- _tSorcery of physics -- _tThe substance of things -- _tWest of the sun -- _tFour long arms, whirling -- _tGambling for redemption -- _tFamily -- _tWatching the buffalo -- _tEducated. |
| 520 | _aTara Westover was seventeen the first time she set foot in a classroom. Born to survivalists in the mountains of Idaho, she prepared for the end of the world by stockpiling home-canned peaches and sleeping with her "head-for-the-hills bag." In the summer she stewed herbs for her mother, a midwife and healer, and in the winter she salvaged in her father's junkyard. Her father distrusted the medical establishment, so Tara never saw a doctor or nurse. Gashes and concussions, even burns from explosions, were all treated at home with herbalism. The family was so isolated from mainstream society that there was no one to ensure the children received an education, and no one to intervene when an older brother became violent. When another brother got himself into college and came back with news of the world beyond the mountain, Tara decided to try a new kind of life. She taught herself enough mathematics, grammar, and science to take the ACT and was admitted to Brigham Young University. There, she studied psychology, politics, philosophy, and history, learning for the first time about pivotal world events like the Holocaust and the Civil Rights Movement. Her quest for knowledge transformed her, taking her over oceans and across continents, to Harvard and to Cambridge University. Only then would she wonder if she'd traveled too far, if there was still a way home. | ||
| 586 | _aAlex Award, 2019 | ||
| 586 | _aAndrew Carnegie Medal for Excellence in Nonfiction Longlist, 2019 | ||
| 586 | _aChicago Public Library Best Top Ten Books, 2018 | ||
| 586 | _aJohn Leonard Prize Finalist, 2018 | ||
| 586 | _aLos Angeles Times Book Prize for Biography Finalist, 2018 | ||
| 586 | _aNational Book Critics Circle Award for Autobiography Finalist, 2018 | ||
| 586 | _aNPR Best Books, 2018 | ||
| 586 | _aReading Women Award for Nonfiction, 2018 | ||
| 586 | _a#1 New York Times Bestseller | ||
| 600 | 1 | 0 |
_aWestover, Tara _xFamily. |
| 600 | 1 | 7 |
_aWestover, Tara. _2fast |
| 600 | 1 | 7 |
_aWestover, Tara _xFamily. _2sears |
| 650 | 0 |
_aWomen _zIdaho _vBiography. |
|
| 650 | 0 |
_aSurvivalism _zIdaho _vBiography. |
|
| 650 | 0 |
_aPreparedness _vBiography. |
|
| 650 | 0 |
_aMormons _zIdaho _vBiography. |
|
| 650 | 0 |
_aHome schooling _zIdaho _vAnecdotes. |
|
| 650 | 0 |
_aWomen college students _zUnited States _vBiography. |
|
| 650 | 0 |
_aVictims of family violence _zIdaho _vBiography. |
|
| 650 | 0 |
_aAdult children of dysfunctional families _zIdaho _vBiography. |
|
| 650 | 0 |
_aSubculture _zIdaho. |
|
| 650 | 1 | 2 | _aAnecdotes |
| 650 | 2 | _aEducation, Nonprofessional. | |
| 650 | 7 |
_aBIOGRAPHY & AUTOBIOGRAPHY _xPersonal Memoirs. _2bisacsh |
|
| 650 | 7 |
_aBIOGRAPHY & AUTOBIOGRAPHY _xReligious. _2bisacsh |
|
| 650 | 7 |
_aBIOGRAPHY & AUTOBIOGRAPHY _xWomen. _2bisacsh |
|
| 650 | 7 |
_aChristian biography. _2fast |
|
| 650 | 7 |
_aFamilies. _2fast |
|
| 650 | 7 |
_aHome schooling. _2fast |
|
| 650 | 7 |
_aRural conditions. _2fast |
|
| 650 | 7 |
_aSubculture. _2fast |
|
| 650 | 7 |
_aSurvivalism. _2fast |
|
| 650 | 7 |
_aVictims of family violence. _2fast |
|
| 650 | 7 |
_aWomen. _2fast |
|
| 650 | 7 |
_aWomen college students. _2fast |
|
| 650 | 7 |
_aChristian biography. _2sears |
|
| 650 | 7 |
_aCounter culture _zIdaho. _2sears |
|
| 650 | 7 |
_aCollege students _zUnited States _vBiography. _2sears |
|
| 650 | 7 |
_aHome schooling _zIdaho _vAnecdotes. _2sears |
|
| 650 | 7 |
_aSurvivalism _zIdaho _vBiography. _2sears |
|
| 650 | 7 |
_aWomen _zIdaho _vBiography. _2sears |
|
| 651 | 0 |
_aIdaho _xRural conditions _vAnecdotes. |
|
| 651 | 0 |
_aIdaho _vBiography. |
|
| 651 | 1 |
_aIdaho _xRural conditions _vAnecdotes. |
|
| 651 | 1 |
_aIdaho _vBiography. |
|
| 651 | 7 |
_aIdaho. _2fast |
|
| 651 | 7 |
_aUnited States. _2fast |
|
| 651 | 7 |
_aIdaho _vBiography. _2sears |
|
| 651 | 7 |
_aIdaho _xRural conditions _vAnecdotes. _2sears |
|
| 655 | 0 | _aChristian biography. | |
| 655 | 4 | _aAutobiographies. | |
| 655 | 4 | _aBiographies. | |
| 655 | 4 | _aBiography. | |
| 655 | 4 | _aAnecdotes. | |
| 655 | 4 | _aAutobiography. | |
| 655 | 7 |
_aAutobiography. _2fast |
|
| 655 | 7 |
_aAutobiographies. _2lcgft |
|
| 655 | 7 |
_aAnecdotes. _2lcgft |
|
| 655 | 7 |
_aAutobiography. _2lcgft |
|
| 655 | 7 |
_aAutobiography. _2tlcgt |
|
| 001 | data | ||
| 999 |
_c277 _d277 |
||